书目信息 |
| 题名: |
西方经济学
|
|
| 作者: | 刘冰 总编 ;王立成 主编 | |
| 分册: | 微观经济学 | |
| 出版信息: | 北京 经济科学出版社 2012 |
|
| 页数: | 425页 | |
| 开本: | 26cm | |
| 丛书名: | ||
| 单 册: | ||
| 中图分类: | F0-08 , F016 | |
| 科图分类: | ||
| 主题词: | 西方经济学--教材 , 微观经济学--教材 , 西方经济学 , 微观经济学 | |
| 电子资源: | ||
| ISBN: | 978-7-5141-1990-9 | |
| 000 | 01104nam0 2200301 450 | |
| 001 | 523 | |
| 005 | 20140908143359.43 | |
| 010 | @a978-7-5141-1990-9@dCNY39.00 | |
| 100 | @a20120919d2012 em y0chiy50 ea | |
| 101 | 0 | @achi |
| 102 | @aCN@b110000 | |
| 105 | @ay z 000yy | |
| 106 | @ar | |
| 200 | 1 | @a西方经济学@AXi Fang Jing Ji Xue@i微观经济学@IWei Guan Jing Ji Xue@dWestern economics@iMicroeconomics@f刘冰总编@FLiu Bing Zong Bian@g王立成主编@zeng |
| 210 | @a北京@c经济科学出版社@d2012 | |
| 215 | @a425页@d26cm | |
| 330 | @a本书分为需求和供给理论、效用理论、生产理论、成本理论、完全竞争市场、垄断市场、垄断竞争市场、寡头市场、生产要素的需求、生产要素的供给、一般均衡与福利经济学、市场失灵和政府微观经济政策。 | |
| 510 | 1 | @aWestern economics@iMicroeconomics@zeng |
| 606 | 0 | @a西方经济学@j教材 |
| 606 | 0 | @a微观经济学@j教材 |
| 606 | 0 | @a西方经济学 |
| 606 | 0 | @a微观经济学 |
| 690 | @aF0-08@v5 | |
| 690 | @aF016@v5 | |
| 701 | 0 | @a刘冰@ALiu Bing@f(1966~)@4总编 |
| 702 | 0 | @a王立成@AWang Li Cheng@c(经济学)@4主编 |
| 801 | 0 | @aCN@bTANGWEI@c20140603 |
| 905 | @b0839314-16@dF0-08@e424@f3 | |
| 西方经济学.微观经济学=Western economics.Microeconomics/刘冰总编/王立成主编.-北京:经济科学出版社,2012 |
| 425页;26cm |
| ISBN 978-7-5141-1990-9:CNY39.00 |
| 本书分为需求和供给理论、效用理论、生产理论、成本理论、完全竞争市场、垄断市场、垄断竞争市场、寡头市场、生产要素的需求、生产要素的供给、一般均衡与福利经济学、市场失灵和政府微观经济政策。 |
| ● |
| 相关链接 |
|
|
|
|
正题名:西方经济学
索取号:F0-08/424
 
预约/预借
| 序号 | 登录号 | 条形码 | 馆藏地/架位号 | 状态 | 备注 |
| 1 | 0839314 | 208393148 | 第一样本阅览室/ [索取号:F0-08/424] | 在馆 | |
| 2 | 0839315 | 208393157 | 第一借阅区/ [索取号:F0-08/424] | 在馆 | |
| 3 | 0839316 | 208393166 | 密集书库-海洋学院/ [索取号:F0-08/424] | 在馆 |